[Event "Karnataka State Open-ch 2018"]
[Site "Bengaluru"]
[Date "2018.04.14"]
[Round "2"]
[White "Thejkumar, M. S"]
[Black "Aarvi Jain"]
[Result "1-0"]
[WhiteElo "2493"]
[BlackElo "1160"]
[Annotator "TA"]
[PlyCount "105"]
[EventDate "2018.??.??"]
[EventType "swiss"]
[EventCountry "IND"]
[SourceTitle "playchess.com"]
[Source "ChessBase"]
[SourceQuality "1"]

{[%evp 16,104,62,57,58,54,55,37,42,40,71,45,64,52,126,136,166,162,164,151,280,260,250,265,254,209,304,300,381,411,385,387,531,482,635,591,727,711,663,643,883,879,877,700,627,590,574,558,552,543,1019,998,1068,1088,1264,1236,29970,2780,29977,29980,29979,29980,29981,29982,29983,29984,29985,29986,29986,29987,29987,29988,29988,29989,29989,29990,29990,29991,29991,29991,29993,29994,29995,29996,29996,29997,29997,29998,29998,29999,29999]} 1. d4 d5 2. c4 e6 3. Nc3 c6 4. Nf3 Nf6 5. g3 Bd6 6. Bg2 O-O 7. O-O Nbd7 8. Nd2 Re8 9. e4 {LiveBook: 40 Games. E01: Catalan: Early deviations} e5 (9... dxe4 10. Ndxe4 Bc7 11. Be3 h6 12. Re1 Nxe4 13. Nxe4 Nb6 14. Qh5 e5 15. Rad1 Nd7 16. Qf3 exd4 17. Bxd4 {1-0 (50) Miroshnichenko,E (2602)-Lajthajm,B (2469) Ulcinj 2014}) 10. exd5 cxd5 11. dxe5 {White is slightly better.} Nxe5 12. cxd5 Bd7 $146 ({Predecessor:} 12... Bg4 13. Qb3 Rc8 14. h3 Bf5 15. Nde4 Nxe4 16. Nxe4 Bxe4 17. Bxe4 {1-0 (51) Jirka,J (2457)-Doluhanova,E (2255) Pardubice 2008}) 13. Nde4 Nxe4 14. Nxe4 Qc7 (14... Bf8 $14) 15. Bf4 $36 {[%mdl 2048] White is on the roll.} Rad8 16. Rc1 Qb8 17. Qd4 Rc8 (17... b6 $16 {was called for.} 18. Rc3 f6) 18. Rxc8 $18 Bxc8 19. Nxd6 Qxd6 20. Qxa7 f6 (20... Qb4 $142 21. Qa3 Qxa3 22. bxa3 Bg4) 21. Rc1 Qd7 {Now ...Nd3 and Black clings on.} 22. Bxe5 fxe5 23. Qb6 e4 24. d6 Kh8 25. Qd4 {[#] Hoping for Rc7.} Qe6 26. Rc7 {[%csl Gc7][%cal Rd4g7]} Bd7 27. Rxb7 Rd8 28. Bxe4 Qxa2 29. Qe5 {[#] Threatening mate with Rxd7!} Qe6 30. Qxe6 Bxe6 {[%mdl 4096] Endgame KRB-KRB} 31. Ra7 Bd7 32. f4 h6 33. Kf2 Kg8 34. Ke3 Kf7 35. Bf5 Ke8 36. Bxd7+ (36. Rxd7 $142 Rxd7 37. Bxd7+ Kxd7 38. g4 Kc6 39. f5 Kxd6 40. Kf4 Kd7 41. g5) 36... Rxd7 37. Rxd7 {White mates.} Kxd7 {KP-KP} 38. Ke4 Kxd6 39. Kf5 Ke7 40. Kg6 Kf8 41. b4 Ke8 42. Kxg7 Kd7 43. f5 Kc6 44. f6 Kb5 45. f7 Kxb4 46. f8=Q+ Kb5 47. Qd6 Ka5 48. Qb8 Ka6 49. Kf6 Ka5 50. Ke5 Ka6 51. Kd4 Ka5 52. Kc5 {[%csl Gc5][%cal Rb8b5]} Ka6 53. Qa8# {Precision: White = 89%, Black = 23%.} 1-0

[Event "Karnataka State Open-ch 2018"]
[Site "Bengaluru"]
[Date "2018.04.14"]
[Round "2"]
[White "Girish, A. Koushik"]
[Black "Pratham Singh"]
[Result "1-0"]
[WhiteElo "2401"]
[BlackElo "1156"]
[Annotator "TA"]
[PlyCount "65"]
[EventDate "2018.??.??"]
[EventType "swiss"]
[EventCountry "IND"]
[SourceTitle "playchess.com"]
[Source "ChessBase"]
[SourceQuality "1"]

{[%evp 16,64,47,7,81,83,104,81,104,85,141,154,143,118,160,159,259,231,356,341,599,630,835,720,912,907,883,904,873,874,950,924,1119,852,1743,1653,7814,4870,29991,29992,29992,29993,29994,29995,29995,29995,29996,29997,29997,29998,29999]} 1. e4 c5 2. Nf3 d6 3. c3 Nc6 4. d4 cxd4 5. cxd4 Nf6 6. Nc3 g6 7. h3 Bg7 8. Be2 {B22: Sicilian: 2 c3} O-O 9. Be3 {LiveBook: 4 Games} Qa5 (9... d5 $1 $11 {keeps the balance.}) (9... a6 10. O-O b5 11. d5 Nb8 12. a4 b4 13. Na2 Nxe4 14. Nxb4 Bxb2 15. Bd4 Nc3 16. Qd2 Nxe2+ 17. Qxe2 Bxd4 18. Nxd4 {0-1 (42) Gaponenko,I (2406)-Gvetadze,S (2308) Tbilisi 2018}) 10. O-O $16 {White is better.} Bd7 11. a3 Qd8 12. b4 $146 ({Predecessor:} 12. Qd2 Na5 13. Rad1 Rc8 14. e5 Ne8 15. Bf4 Bf5 16. Bd3 Bxd3 17. Qxd3 {1-0 (40) Heinatz,G (2169)-Azman Hisham,N (1916) Tromsoe 2014}) 12... a5 (12... e6 $142) 13. b5 Na7 14. a4 Rc8 15. Rc1 Kh8 (15... Rxc3 $16 16. Rxc3 Nxe4) 16. Qd2 Rg8 (16... b6 {keeps fighting.} 17. Rfd1 Kg8) 17. e5 $18 dxe5 $2 (17... Ne8 {might work better.} 18. Ng5 Rf8) 18. dxe5 Ne8 19. Bxa7 Ra8 20. Rfd1 Rxa7 21. Qxd7 Qxd7 22. Rxd7 Bf8 23. Bc4 Kg7 24. Rd8 {[#] Black must now prevent b6.} Nc7 25. b6 Ra8 26. bxc7 e6 27. Rxa8 {White mates.} h6 28. c8=Q b6 {[#]} 29. Bxe6 $1 fxe6 30. Qxe6 Kh8 31. Nd5 b5 32. Nf6 {[%csl Gf6][%cal Re6g8]} Bg7 33. Rxg8# {Precision: White = 51%, Black = 12%.} 1-0

[Event "Karnataka State Open-ch 2018"]
[Site "Bengaluru"]
[Date "2018.04.14"]
[Round "2"]
[White "Gahan, M G"]
[Black "Anagha K G R"]
[Result "1-0"]
[WhiteElo "2281"]
[BlackElo "1153"]
[Annotator "TA"]
[PlyCount "83"]
[EventDate "2018.??.??"]
[EventType "swiss"]
[EventCountry "IND"]
[SourceTitle "playchess.com"]
[Source "ChessBase"]
[SourceQuality "1"]

{[%evp 9,82,-21,22,24,62,79,62,50,59,53,181,170,163,154,285,235,330,317,470,198,555,543,583,500,665,622,685,663,829,716,844,833,889,866,982,944,1851,1845,1416,1422,1346,1368,1759,1354,1329,1281,1529,1470,2203,2117,2785,2478,29989,1406,2645,2608,2125,2020,29989,29990,29990,29991,29991,29992,29992,29993,29993,29994,29996,29997,29997,29998,29998,29999,29999]} 1. e4 {[%cal Be2e4,Be4e5][%mdl 32]} e6 2. b3 d5 3. Bb2 Nf6 4. e5 Nfd7 5. c4 (5. Qg4 c5 6. f4 Nc6 7. Nf3 Qc7 8. Be2 a5 9. a4 b6 10. Na3 Ba6 11. Bxa6 Rxa6 12. Nb5 Qb8 13. Nd6+ Bxd6 14. Qxg7 {1-0 (55) Mastrovasilis,D (2582)-Stupak,K (2588) Katowice 2017}) 5... c6 6. f4 {C00: French: Unusual White 2nd moves} Bc5 $146 ({Predecessor:} 6... g6 7. Nf3 Be7 8. d4 b6 9. Bd3 h5 10. O-O Bb7 11. Nbd2 a6 12. Rc1 Ra7 {1-0 (32) Gahan,M (2205)-Akshay,V (1826) Mumbai 2009}) 7. Nf3 O-O 8. d4 {White is slightly better.} Bb4+ 9. Nbd2 Bxd2+ (9... Be7 $14) 10. Qxd2 $18 ({Don't play} 10. Nxd2 $6 c5 $16) 10... dxc4 11. bxc4 Nb6 (11... c5 $16 {was worth a try.} 12. d5 Nb6) 12. Bd3 Na4 (12... Qe7 $142 13. a4 Na6) 13. Ba3 {[#] And now Bxh7+! would win.} Re8 (13... f5 $142 14. Bxf8 Qxf8) 14. Qc2 (14. Bc2 $142) 14... g6 $2 (14... Qa5+ {is a better chance.} 15. Kf2 h6) 15. Qxa4 Bd7 16. Qb4 Qc7 17. Ng5 {[%cal Bf3g5,Bg5e4,Be4f6][%mdl 32]} Na6 18. Qc3 b5 19. Ne4 Kg7 20. Bd6 Qc8 21. Nf6 Rd8 22. h4 {[%cal Bh2h4,Bh4h5][%mdl 32]} Rh8 23. h5 {[%cal Rh5h6]} h6 24. Be4 Be8 25. Rc1 bxc4 26. Qxc4 Nc7 27. g4 {[%cal Bg2g4,Bg4g5][%mdl 32]} Nb5 28. Bc5 Nc7 29. g5 Nd5 30. hxg6 {Threatening mate with gxh6+.} fxg6 31. Rxh6 (31. gxh6+ $142 Rxh6 {[#]} 32. Bf8+ $1 {[%mdl 512]} Kxf8 33. Rxh6 Nxf6 34. exf6 c5 35. Bxa8 Kg8 36. Be4) 31... Rxh6 32. gxh6+ Kh8 33. Bxd5 {aiming for Bf8.} exd5 34. Bf8 {[%csl Gh6][%cal Rf8g7] White mates.} Qb7 35. Qb3 Qf7 36. Bg7+ Qxg7 37. hxg7+ Kxg7 38. Qb7+ Kf8 39. Qxa8 Kg7 40. Qxe8 a5 41. Qg8+ Kh6 42. Qf8# {Precision: White = 61%, Black =  9%.} 1-0

[Event "Karnataka State Open-ch 2018"]
[Site "Bengaluru"]
[Date "2018.04.14"]
[Round "2"]
[White "Yashas, D."]
[Black "Bharath M"]
[Result "1-0"]
[WhiteElo "2243"]
[BlackElo "1419"]
[Annotator "TA"]
[PlyCount "33"]
[EventDate "2018.??.??"]
[EventType "swiss"]
[EventCountry "IND"]
[SourceTitle "playchess.com"]
[Source "ChessBase"]
[SourceQuality "1"]

{[%evp 9,33,32,39,11,36,27,31,26,50,33,33,20,27,23,97,77,108,41,156,145,141,129,202,156,517,511]} 1. b3 d5 2. Bb2 e6 3. Nf3 f5 (3... Nf6 4. g3 g6 5. c4 Bg7 6. Bg2 O-O 7. O-O c5 8. cxd5 exd5 9. d4 Ne4 10. Qc1 Nc6 11. dxc5 d4 12. Rd1 {1-0 (32) So,W (2815)-Carlsen,M (2832) chess.com INT 2017}) 4. g3 Nf6 5. Bg2 Bd6 {LiveBook: 11 Games} 6. d3 {A01: Nimzowitsch-Larsen Opening} O-O 7. Nbd2 Qe7 8. O-O {White is slightly better.} Nbd7 9. c4 c6 10. Nd4 a6 $146 ({Predecessor:} 10... Ng4 11. e4 Ndf6 12. cxd5 cxd5 13. Nb5 Bb8 14. Ba3 Qd7 15. Bxf8 Qxb5 16. Ba3 Qxd3 17. exd5 Nxd5 {1-0 (66) Reiser,W (2086)-Gahr,M (1862) Bayern 2004}) 11. cxd5 Nxd5 (11... cxd5 $11 12. Re1 Ne5) 12. Nc4 Bc7 13. Rc1 (13. e4 $16 fxe4 14. dxe4) 13... Qe8 ({Black should try} 13... f4 $14) 14. e4 $16 fxe4 15. dxe4 N5f6 (15... N5b6 $16) 16. Qe2 Qg6 $2 {[#]} (16... e5 $16 {is a better chance.}) 17. Nxe6 {Precision: White = 28%, Black = 13%.} 1-0

[Event "Karnataka State Open-ch 2018"]
[Site "Bengaluru"]
[Date "2018.04.14"]
[Round "2"]
[White "Arvind, Shastry"]
[Black "Harshini A"]
[Result "1-0"]
[WhiteElo "2175"]
[BlackElo "2154"]
[Annotator "RC"]
[PlyCount "79"]
[EventDate "2018.??.??"]
[EventType "swiss"]
[EventCountry "IND"]
[SourceTitle "playchess.com"]
[Source "ChessBase"]
[SourceQuality "1"]
[TimeControl "5400+30"]

1. d4 {[%emt 0:00:00]} d5 {[%emt 0:00:22]} 2. Nf3 {[%emt 0:00:00]} Nf6 {[%emt 0:00:24]} 3. c4 {[%emt 0:00:00]} e6 {[%emt 0:00:22]} 4. Nc3 {[%emt 0:00:00]} Be7 {[%emt 0:00:26]} 5. Bf4 {[%emt 0:00:01]} O-O {[%emt 0:00:23]} 6. e3 {[%emt 0:00:04]} b6 {[%emt 0:00:25]} 7. cxd5 {[%emt 0:01:12]} exd5 {[%emt 0:01:08]} 8. Bd3 {[%emt 0:00:29]} Bg4 {[%emt 0:03:02]} 9. Qc2 {[%emt 0:00:31]} h6 {[%emt 0:03:23]} 10. Ne5 {[%emt 0:00:51]} Be6 {[%emt 0:01:28]} 11. h3 {[%emt 0:00:10]} c5 {[%emt 0:01:30]} 12. O-O {[%emt 0:00:25]} c4 {[%emt 0:02:25]} 13. Be2 {[%emt 0:01:18]} Re8 {[%emt 0:01:41]} 14. Bh2 {[%emt 0:00:12]} Nbd7 {[%emt 0:02:30]} 15. f4 {[%emt 0:01:06]} Nf8 {[%emt 0:05:11]} 16. Bf3 {[%emt 0:04:54]} N6d7 {[%emt 0:08:57]} 17. Nc6 {[%emt 0:00:30]} Qc8 {[%emt 0:09:34]} 18. Nxe7+ {[%emt 0:00:04]} Rxe7 {[%emt 0:00:55]} 19. f5 {[%emt 0:00:03]} Nf6 {[%emt 0:04:05]} 20. fxe6 {[%emt 0:00:04]} fxe6 {[%emt 0:00:47]} 21. e4 {[%emt 0:00:29]} Qd7 {[%emt 0:01:02]} 22. Be5 {[%emt 0:00:30]} N8h7 {[%emt 0:02:30]} 23. exd5 {[%emt 0:00:25]} exd5 {[%emt 0:01:02]} 24. Qg6 {[%emt 0:01:01]} Rae8 {[%emt 0:04:38]} 25. Bd1 {[%emt 0:00:18]} Nf8 {[%emt 0:01:54]} 26. Qg3 {[%emt 0:01:28]} N6h7 {[%emt 0:04:31]} 27. Ba4 {[%emt 0:00:11]} Qc8 {[%emt 0:02:39]} 28. Bxe8 {[%emt 0:00:06]} Qxe8 {[%emt 0:00:35]} 29. Nxd5 {[%emt 0:00:10]} Rd7 {[%emt 0:01:10]} 30. Rae1 {[%emt 0:00:20]} Qe6 {[%emt 0:03:50]} 31. Rxf8+ {[%emt 0:00:28]} Kxf8 {[%emt 0:03:02]} 32. Bxg7+ {[%emt 0:00:07]} Rxg7 {[%emt 0:01:20]} 33. Qb8+ {[%emt 0:00:07]} Kf7 {[%emt 0:01:34]} 34. Rxe6 {[%emt 0:00:02]} Kxe6 {[%emt 0:00:52]} 35. Qe5+ {[%emt 0:00:03]} Kf7 {[%emt 0:00:50]} 36. Qe7+ {[%emt 0:00:02]} Kg8 {[%emt 0:00:57]} 37. Qe8+ {[%emt 0:00:03]} Nf8 {[%emt 0:01:00]} 38. Nf6+ {[%emt 0:00:03]} Kh8 {[%emt 0:00:54]} 39. Qxf8+ {[%emt 0:00:06]} Rg8 {[%emt 0:00:09]} 40. Qxg8# {[%emt 0:00:04]} 1-0

[Event "Karnataka State Open-ch 2018"]
[Site "Bengaluru"]
[Date "2018.04.14"]
[Round "2"]
[White "Mahendran, T."]
[Black "Babu Mahadevaswamy"]
[Result "1/2-1/2"]
[WhiteElo "2101"]
[BlackElo "1142"]
[Annotator "TA"]
[PlyCount "114"]
[EventDate "2018.??.??"]
[EventType "swiss"]
[EventCountry "IND"]
[SourceTitle "playchess.com"]
[Source "ChessBase"]
[SourceQuality "1"]

{[%evp 9,114,-5,-19,-29,-20,-75,-74,-72,-75,-82,-54,-50,-41,-62,-26,-56,-12,-36,0,0,35,-126,-133,-134,-141,-306,-297,-490,-344,-328,-339,-341,-342,-336,-297,-286,-287,-283,-279,-310,-313,-308,-302,-314,-293,-294,-225,-379,-369,-462,-414,-574,-573,-558,-557,-771,-710,-754,-689,-592,-260,-257,-164,-163,-8,-8,-8,-8,-8,-289,-8,-177,-8,-8,-8,-8,-8,-8,-8,-8,-8,-8,0,0,0,-8,-8,-8,0,0,0,0,0,0,0,0,0,0,0,0,0,0,0,0,0,0,0]} 1. e4 c5 2. Nf3 Nc6 3. Bc4 e6 4. Nc3 Be7 5. a3 (5. d3 Nf6 6. O-O O-O 7. Bf4 d5 8. exd5 exd5 9. Bb5 Bd6 10. Bg5 Be7 11. Re1 h6 12. Bh4 Bg4 13. Bxc6 bxc6 {0-1 (36) Zaitsev,A (1806)-Timofeev,S (2255) Tula 2016}) 5... Nf6 6. O-O {B30: Sicilian: 2...Nc6 3 Bb5, lines without ...g6} O-O 7. h3 (7. d3 $11) 7... Nxe4 $146 ({Find the theoretical novelty and annotate with similar games:} 7... a6 8. d3 b5 9. Ba2 Bb7 10. Bd2 h6 11. Ne2 Qc7 12. c3 c4 13. dxc4 Nxe4 {0-1 (23) Lebduska,D (571)-Devies,S (982) LSS email 2014}) 8. Nxe4 {aiming for Nc3.Black is better.} d5 9. Bxd5 exd5 10. Ng3 Re8 11. d3 h6 12. c3 Bf6 13. d4 b6 14. Be3 Qc7 15. dxc5 $2 {[#]} (15. Nh5 $14 {keeps the upper hand.}) 15... Rxe3 $1 {[%mdl 512]} 16. cxb6 (16. fxe3 Qxg3) 16... axb6 {Threatens to win with ...Re8.} 17. Nh5 $2 (17. fxe3 $17 {is the only way for White.} Qxg3 18. Qxd5) 17... Re6 $19 18. Nd4 $2 (18. Qd2 {was worth a try.}) 18... Nxd4 19. Nxf6+ Rxf6 ({But not} 19... gxf6 20. Qg4+ Kh7 21. Qxd4 $19) 20. Qxd4 Be6 21. Rfe1 Qc5 22. Rad1 Qxd4 23. Rxd4 b5 24. Re5 Ra4 25. Rd2 Re4 26. Rxe4 dxe4 {[%mdl 4096] Endgame KRB-KR} 27. Rd4 Rf4 28. f3 $2 (28. a4 bxa4 29. Rxa4) 28... f5 29. Kf2 g5 30. Rb4 {[#]} e3+ $1 31. Kxe3 Rxb4 32. axb4 {KB-KP} Kf7 33. Kd4 Ke7 34. Kc5 Bd7 (34... Bc4 $142 35. g3 h5) 35. b3 Kd8 36. c4 {[#]} bxc4 $2 (36... f4 $1 $19 {...Bf5 is the strong threat.} 37. Kb6 Kc8) 37. bxc4 $11 Kc7 38. b5 Be6 39. Kb4 $2 {[%mdl 8192] [#]} (39. Kd4 $11) 39... f4 $2 (39... Kd6 $1 $19 {White must now prevent ...f4.} 40. c5+ Kd5) 40. c5 $2 (40. Kc5 $11 {and White stays safe.}) 40... Bf7 $2 (40... Kd7 $19 41. Kc3 Ba2) 41. Kc3 {The position is equal.} h5 42. Kd4 Be6 43. Ke5 Bc8 44. h4 gxh4 45. Kxf4 h3 46. gxh3 Bxh3 {KB-K3P} 47. Kg3 Bf1 48. b6+ Kb7 49. f4 {[%cal Bf3f4,Bf4f5,Bf5f6][%mdl 32]} Bd3 50. Kh4 Bg6 51. Kg5 $1 {[%cal Rg5g6]} Be8 52. f5 Kc6 53. f6 Bf7 54. Kh4 Kb7 55. Kg5 Kc6 56. Kh4 Kb7 57. Kg5 Kc6 {Precision: White = 38%, Black = 49%.} 1/2-1/2

[Event "Karnataka State Open-ch 2018"]
[Site "Bengaluru"]
[Date "2018.04.14"]
[Round "2"]
[White "Balkishan, A."]
[Black "Prahalada Udupa"]
[Result "1-0"]
[WhiteElo "2026"]
[BlackElo "1140"]
[Annotator "NA RC"]
[PlyCount "71"]
[EventDate "2018.??.??"]
[EventType "swiss"]
[EventCountry "IND"]
[SourceTitle "playchess.com"]
[Source "ChessBase"]
[SourceQuality "1"]
[TimeControl "5400+30"]

1. e4 e6 2. d4 d5 3. Nd2 Nf6 4. e5 Nfd7 5. Bd3 c5 6. c3 Nc6 7. Ne2 f6 8. Nf4 Qe7 9. Qh5+ Qf7 10. Qxf7+ Kxf7 11. exf6 Nxf6 12. Nf3 Bd6 13. O-O Re8 14. Re1 e5 15. dxe5 Nxe5 16. Nxe5+ Bxe5 17. Be3 Bd7 18. Rad1 Bc6 19. Bf5 Rad8 20. Ne6 Rxe6 21. Bxe6+ Kxe6 22. Bf4 Kf5 23. Bxe5 Re8 24. Bxf6 Rxe1+ 25. Rxe1 Kxf6 26. f3 a5 27. Kf2 b5 28. h4 b4 29. g4 h6 30. f4 bxc3 31. bxc3 Bb5 32. f5 Bd7 33. Kg3 h5 34. g5+ Kxf5 35. Re7 Bb5 36. Rc7 1-0

[Event "Karnataka State Open-ch 2018"]
[Site "Bengaluru"]
[Date "2018.04.14"]
[Round "2"]
[White "Likhit, Chilukuri"]
[Black "Anand, Harjee Singh"]
[Result "1-0"]
[WhiteElo "1988"]
[BlackElo "1137"]
[Annotator "NA RC"]
[PlyCount "37"]
[EventDate "2018.??.??"]
[EventType "swiss"]
[EventCountry "IND"]
[SourceTitle "playchess.com"]
[Source "ChessBase"]
[SourceQuality "1"]
[TimeControl "5400+30"]

1. e4 {[%emt 0:00:00]} c5 {[%emt 0:00:19]} 2. Nc3 {[%emt 0:00:00]} Nc6 {[%emt 0:00:45]} 3. Bb5 {[%emt 0:00:00]} g6 {[%emt 0:02:41]} 4. Bxc6 {[%emt 0:00:00]} dxc6 {[%emt 0:00:06]} 5. d3 {[%emt 0:00:00]} Bg7 {[%emt 0:00:37]} 6. f4 {[%emt 0:00:05]} f5 {[%emt 0:01:45]} 7. e5 {[%emt 0:01:57]} e6 {[%emt 0:00:16]} 8. Nf3 {[%emt 0:00:10]} Ne7 {[%emt 0:00:05]} 9. O-O {[%emt 0:00:19]} Nd5 {[%emt 0:00:11]} 10. Bd2 {[%emt 0:00:59]} Qb6 {[%emt 0:03:05]} 11. Na4 {[%emt 0:01:00]} Qb5 {[%emt 0:01:54]} 12. c4 {[%emt 0:00:06]} Qa6 {[%emt 0:02:21]} 13. cxd5 {[%emt 0:00:07]} cxd5 {[%emt 0:00:48]} 14. Nxc5 {[%emt 0:00:08]} Qb6 {[%emt 0:00:00]} 15. Qa4+ {[%emt 0:00:07]} Kf7 {[%emt 0:00:33]} 16. Ng5+ {[%emt 0:00:06]} Ke7 {[%emt 0:00:49]} 17. Bb4 {[%emt 0:00:08]} Bd7 {[%emt 0:00:28]} 18. Qxd7+ {[%emt 0:00:07]} Kf8 {[%emt 0:00:19]} 19. Qf7# {[%emt 0:00:06]} 1-0

[Event "Karnataka State Open-ch 2018"]
[Site "Bengaluru"]
[Date "2018.04.14"]
[Round "2"]
[White "Santoshkashyap, Hg"]
[Black "Kaushik Srivatsa H"]
[Result "1-0"]
[WhiteElo "1929"]
[BlackElo "1132"]
[Annotator "NA RC"]
[PlyCount "109"]
[EventDate "2018.??.??"]
[EventType "swiss"]
[EventCountry "IND"]
[SourceTitle "playchess.com"]
[Source "ChessBase"]
[SourceQuality "1"]
[TimeControl "5400+30"]

1. d4 {[%emt 0:00:52]} d5 {[%emt 0:00:07]} 2. Nf3 {[%emt 0:00:12]} Nf6 {[%emt 0:00:05]} 3. c4 {[%emt 0:00:12]} e6 {[%emt 0:00:05]} 4. Nc3 {[%emt 0:00:07]} Be7 {[%emt 0:00:05]} 5. Bf4 {[%emt 0:00:10]} O-O {[%emt 0:00:26]} 6. e3 {[%emt 0:00:07]} a6 {[%emt 0:01:00]} 7. Rc1 {[%emt 0:00:27]} Nbd7 {[%emt 0:00:57]} 8. cxd5 {[%emt 0:05:53]} exd5 {[%emt 0:00:20]} 9. Bd3 {[%emt 0:00:16]} c5 {[%emt 0:02:18]} 10. O-O {[%emt 0:00:42]} Qb6 {[%emt 0:02:11]} 11. Na4 {[%emt 0:01:06]} Qa5 {[%emt 0:01:55]} 12. dxc5 {[%emt 0:00:25]} Nxc5 {[%emt 0:00:24]} 13. Nxc5 {[%emt 0:00:15]} Bxc5 {[%emt 0:00:09]} 14. a3 {[%emt 0:00:03]} Be7 {[%emt 0:00:47]} 15. Bc7 {[%emt 0:12:58]} b6 {[%emt 0:00:25]} 16. Rc6 {[%emt 0:00:16]} Bd8 {[%emt 0:01:13]} 17. Bd6 {[%emt 0:00:16]} d4 {[%emt 0:03:17]} 18. Bxf8 {[%emt 0:00:54]} Kxf8 {[%emt 0:00:25]} 19. Nxd4 {[%emt 0:00:16]} Qg5 {[%emt 0:00:53]} 20. Nf3 {[%emt 0:09:54]} Qh5 {[%emt 0:02:32]} 21. Bg6 {[%emt 0:06:51]} Qd5 {[%emt 0:02:30]} 22. Rxf6 {[%emt 0:00:14]} Qxd1 {[%emt 0:00:53]} 23. Rxf7+ {[%emt 0:00:07]} Kg8 {[%emt 0:00:07]} 24. Rxd1 {[%emt 0:00:07]} hxg6 {[%emt 0:00:38]} 25. Ra7 {[%emt 0:00:23]} Rxa7 {[%emt 0:00:42]} 26. Rxd8+ {[%emt 0:00:07]} Kf7 {[%emt 0:00:31]} 27. Rxc8 {[%emt 0:00:05]} Re7 {[%emt 0:02:11]} 28. h4 {[%emt 0:00:16]} Rb7 {[%emt 0:01:40]} 29. g3 {[%emt 0:01:07]} Ke7 {[%emt 0:00:31]} 30. Rc6 {[%emt 0:00:29]} a5 {[%emt 0:00:33]} 31. Rxg6 {[%emt 0:00:10]} Kf8 {[%emt 0:00:13]} 32. b4 {[%emt 0:00:21]} axb4 {[%emt 0:00:20]} 33. axb4 {[%emt 0:00:03]} b5 {[%emt 0:00:08]} 34. Nd4 {[%emt 0:00:08]} Kg8 {[%emt 0:00:26]} 35. Rg5 {[%emt 0:00:09]} Kf8 {[%emt 0:00:14]} 36. Rxb5 {[%emt 0:00:08]} Ra7 {[%emt 0:00:08]} 37. g4 {[%emt 0:00:19]} Ra1+ {[%emt 0:00:14]} 38. Kg2 {[%emt 0:00:06]} Ra7 {[%emt 0:00:03]} 39. h5 {[%emt 0:00:07]} Kf7 {[%emt 0:00:16]} 40. g5 {[%emt 0:00:18]} Ra6 {[%emt 0:00:36]} 41. Rb7+ {[%emt 0:00:13]} Kg8 {[%emt 0:01:23]} 42. b5 {[%emt 0:00:07]} Ra8 {[%emt 0:00:17]} 43. g6 {[%emt 0:00:30]} Re8 {[%emt 0:00:58]} 44. b6 {[%emt 0:00:20]} Kh8 {[%emt 0:01:09]} 45. Nc6 {[%emt 0:00:11]} Kg8 {[%emt 0:00:24]} 46. Rb8 {[%emt 0:00:09]} Kf8 {[%emt 0:00:05]} 47. Rxe8+ {[%emt 0:00:07]} Kxe8 {[%emt 0:00:29]} 48. b7 {[%emt 0:00:06]} Kd7 {[%emt 0:00:08]} 49. b8=Q {[%emt 0:00:09]} Kxc6 {[%emt 0:00:05]} 50. Kf3 {[%emt 0:00:18]} Kd5 {[%emt 0:00:27]} 51. h6 {[%emt 0:00:14]} gxh6 {[%emt 0:00:03]} 52. g7 {[%emt 0:00:06]} h5 {[%emt 0:00:14]} 53. g8=Q+ {[%emt 0:00:08]} Kc5 {[%emt 0:00:08]} 54. Ke4 {[%emt 0:00:20]} h4 {[%emt 0:00:12]} 55. Qd5# {[%emt 0:00:07]} 1-0

[Event "Karnataka State Open-ch 2018"]
[Site "Bengaluru"]
[Date "2018.04.14"]
[Round "2"]
[White "Parthasarathy R"]
[Black "Rajath Gururaj"]
[Result "1/2-1/2"]
[WhiteElo "1345"]
[BlackElo "1131"]
[Annotator "NA RC"]
[PlyCount "78"]
[EventDate "2018.??.??"]
[EventType "swiss"]
[EventCountry "IND"]
[SourceTitle "playchess.com"]
[Source "ChessBase"]
[SourceQuality "1"]
[TimeControl "5400+30"]

1. e4 {[%emt 0:01:01]} c5 {[%emt 0:01:17]} 2. Nf3 {[%emt 0:03:33]} Nc6 {[%emt 0:00:33]} 3. Bb5 {[%emt 0:00:29]} d6 {[%emt 0:01:38]} 4. O-O {[%emt 0:00:36]} Bd7 {[%emt 0:00:21]} 5. Re1 {[%emt 0:00:41]} e6 {[%emt 0:01:16]} 6. c3 {[%emt 0:00:34]} Be7 {[%emt 0:02:04]} 7. d4 {[%emt 0:00:13]} cxd4 {[%emt 0:00:27]} 8. cxd4 {[%emt 0:00:10]} Nf6 {[%emt 0:00:27]} 9. Nc3 {[%emt 0:01:27]} a6 {[%emt 0:00:27]} 10. Bf1 {[%emt 0:05:33]} O-O 11. d5 {[%emt 0:02:36]} Nb8 {[%emt 0:03:37]} 12. Qb3 {[%emt 0:01:21]} Qc8 {[%emt 0:01:01]} 13. Be3 {[%emt 0:07:35]} e5 {[%emt 0:00:59]} 14. Rac1 {[%emt 0:00:53]} Bg4 {[%emt 0:26:47]} 15. Nb5 {[%emt 0:04:56]} Qd8 {[%emt 0:00:55]} 16. Nc7 {[%emt 0:00:15]} Nbd7 {[%emt 0:00:16]} 17. Nxa8 {[%emt 0:00:22]} Qxa8 {[%emt 0:00:14]} 18. Nd2 {[%emt 0:00:29]} Bh5 {[%emt 0:02:33]} 19. Rc7 {[%emt 0:01:49]} Rb8 {[%emt 0:00:03]} 20. Rec1 {[%emt 0:02:48]} Bg6 {[%emt 0:00:12]} 21. f3 {[%emt 0:00:15]} Bd8 {[%emt 0:00:41]} 22. R7c2 {[%emt 0:03:46]} h6 {[%emt 0:00:21]} 23. g3 {[%emt 0:01:32]} a5 {[%emt 0:00:45]} 24. a4 {[%emt 0:02:06]} b6 {[%emt 0:00:48]} 25. Rc6 {[%emt 0:02:06]} Nc5 {[%emt 0:00:26]} 26. Bxc5 {[%emt 0:00:57]} bxc5 {[%emt 0:00:05]} 27. Qc3 {[%emt 0:00:39]} Ne8 {[%emt 0:00:25]} 28. Nc4 {[%emt 0:01:08]} Bc7 {[%emt 0:00:29]} 29. Na3 {[%emt 0:00:46]} Qb7 {[%emt 0:00:13]} 30. Nb5 {[%emt 0:00:14]} Rc8 {[%emt 0:00:44]} 31. Nxc7 {[%emt 0:01:20]} Rxc7 {[%emt 0:01:05]} 32. Rxc7 {[%emt 0:01:15]} Qxc7 {[%emt 0:02:28]} 33. Bd3 {[%emt 0:00:15]} Qb6 {[%emt 0:00:16]} 34. Ra1 {[%emt 0:00:36]} c4+ {[%emt 0:00:32]} 35. Kf1 {[%emt 0:00:52]} cxd3 {[%emt 0:00:15]} 36. Ra3 {[%emt 0:21:38]} Qe3 {[%emt 0:01:14]} 37. Qxd3 {[%emt 0:00:05]} Qc1+ {[%emt 0:00:26]} 38. Kg2 {[%emt 0:00:49]} Qxb2+ {[%emt 0:00:03]} 39. Kh3 {[%emt 0:00:17]} f5 {[%emt 0:00:23]} 1/2-1/2